Petróleo Violento: Nacimiento e Historia de Poza Rica /

Crónica del nacimiento y desarrollo de la industria del petróleo en el municipio de Poza Rica, Veracruz, (México).

Guardado en:
Detalles Bibliográficos
Autor principal: Valdiosera Berman, Ramón (autor)
Formato: Libro
Idioma:Español
Publicado: México : Diana, 1983
Temas:
Etiquetas: Agrega una etiqueta
Sin etiquetas, Sé el primero en etiquetar este registro!

MARC

LEADER 00000nam^a2200000^a^4500
001 000021339
005 20250521000000.0
009 20260310084413.752
020 |a 968-13-1407-7 
037 |a Acervo ITESO - Biblioteca 
041 |a ESP 
082 |a 972. 06  |b VAL 
100 |a Valdiosera Berman, Ramón  |e (autor) 
245 1 0 |a Petróleo Violento: Nacimiento e Historia de Poza Rica /  |c R. Valdiosera Berman. 
264 1 |a México :  |b Diana,  |c 1983 
300 |a 253 p. 
336 |a texto  |b txt  |2 rdacontenido 
337 |a sin mediación  |b n  |2 rdamedio 
338 |a volumen  |b nc  |2 rdasoporte 
520 |a Crónica del nacimiento y desarrollo de la industria del petróleo en el municipio de Poza Rica, Veracruz, (México). 
649 |a XX 
650 |a Petróleo -  |z México -  |x Aspectos Económicos 
650 |a Petróleo -  |z México -  |x Aspectos Económicos 
650 |a Petróleo -  |z México -  |x Aspectos Económicos 
910 |a Fondo General 
920 |a Impresos - Libros 
930 |a Colección General 
905 |a 101 
901 |a 0213390100  |b IT1  |c ACC  |i 021339  |u 20250521 
902 |a https://opac.biblio.iteso.mx/vufind/Record/000021339